书目信息 |
| 题名: |
海瑞上疏
|
|
| 作者: | ;许思言 执笔 ;上海京剧院 集体创作 | |
| 分册: | ||
| 出版信息: | 上海 上海文艺出版社 1979 |
|
| 页数: | 107页 | |
| 开本: | 19cm | |
| 丛书名: | ||
| 单 册: | ||
| 中图分类: | I232.7 , I234 | |
| 科图分类: | ||
| 主题词: | 京剧--剧本--中国--现代 , 戏剧文学--剧本--中国 | |
| 电子资源: | ||
| ISBN: | ||
| 000 | 00749nam0 2200277 45 | |
| 001 | 0179003097 | |
| 005 | 20040416085251.9 | |
| 010 | @dCNY0.35 | |
| 091 | @a8087.3134 | |
| 100 | @a19950719d1979 em y0chiy0121 ea | |
| 101 | 0 | @achi |
| 102 | @aCN@b310000 | |
| 105 | @af z 000by | |
| 106 | @ar | |
| 200 | 10 | @a海瑞上疏@Ahai rui shang shu@e京剧@f上海京剧院集体创作@g许思言执笔 |
| 205 | @a新1版 | |
| 210 | @a上海@c上海文艺出版社@d1979 | |
| 215 | @a107页@c剧照@d19cm | |
| 606 | @a京剧@x剧本@y中国@z现代 | |
| 606 | 0 | @a戏剧文学@x剧本@x中国 |
| 690 | @aI232.7@v3 | |
| 690 | @aI234 | |
| 702 | 0 | @a许思言@Axu si yan@4执笔 |
| 711 | 02 | @a上海京剧院@Ashang hai jing ju yuan@4集体创作 |
| 801 | 0 | @aCN@bNLC@c20040416 |
| 905 | @f1@b15027@dI234@e7 | |
| 海瑞上疏:京剧/上海京剧院集体创作/许思言执笔.-新1版.-上海:上海文艺出版社,1979 |
| 107页:剧照;19cm |
| ISBN :CNY0.35 |
| ● |
| 相关链接 |
|
|
|
|
正题名:海瑞上疏
索取号:I234/7
 
预约/预借
| 序号 | 登录号 | 条形码 | 馆藏地/架位号 | 状态 | 备注 |
| 1 | 0015027 | 000765005 | 第一样本阅览室/ [索取号:I234/7] | 在馆 |